Регионална библиотека "Любен Каравелов" - Русе

Играчът (Запис номер 101433)

MARC детайли
000 -Лидер
Контролно поле с фиксирана дължина 01304nam a2200349 c 4500
003 - Код на организацията, давaща контролен номер
Контролно поле BLK
005 - Дата и час на последна редакция
Контролно поле 20250728112354.0
008 - Елементи от данни с фиксирана дължина
fixed length control field 180409b bul|||||r ||||||| ||bul||
010 ## - Наследен системен номер
LC control number KNG00106480000
020 ## - Международен стандартен номер на книга ISBN
Международен стандартен номер на книга ISBN 954-597-167-3
040 ## - Източник на каталожния запис
Идентификатор на билиотеката - собственик на записа BLK
041 ## - Код за език
Код за езика на текст/звукозапис или на отделно заглавие Български
Код за езика КДБФ Български
080 ## - УДК
Текстов определител УДК Руска литература
УДК код - определител по УДК 821.161.1
УДК определител -31
УДК - код + определител 821.161.1-31
100 1# - Редна дума - Автор
Автор Достоевски, Фьодор Михайлович
Дати, свързани с автора 1821-1881
Авторска отговорност първи автор
R(LIN) 64791
139 ## - Редно поле
Редна дума Достоевски, Фьодор Михайлович
Авторски знак Дост - Д 82
245 10 - Сведения за заглавието
Заглавие Играчът
Подзаглавни данни Из записките на един млад човек
Редно поле (дума) Фьодор Михайлович Достоевски; прев. от рус. Лиляна Тодорова Минкова.
257 ## - Страна на издаване
Страна на създаване/издаване Русия
260 ## - Област на издателските данни
Име на издателя, разпространителя и проч. Фама
Година на издаване 2003
Място на издаване, разпространение и проч. София
300 ## - Физическа характеристика
Страници 148 с.
Размери/Мащаб 20 см
380 ## - Жанр
Жанр Худож. лит.
490 1# - СЕРИИ (Колекции)
Име на серия Класика
500 ## - Общи забележки
Забележка Ориг. загл. Игрок / Ф. М. Достоевский. - Офс. изд.
653 ## - Ключова дума – ненормативна
Ключова дума романи
700 1# - Други автори (авторска отговорност)
Лично име Минкова, Лиляна Тодорова
9 (RLIN) 372041
852 ## - Местоположение
Форматна сигнатура Цб 215038
856 4# - Електронен адрес и достъп
Електронен формат pdf - файл
856 4# - Електронен адрес и достъп
Електронен формат pdf - файл
942 ## - АРТИКУЛИ
Вид на библиотечния материал Книги
Скрит в OPAC Не
Koha issues (borrowed), all copies 19
944 ## - СЪЗДАВАНЕ И РЕДАКЦИЯ на ЗАПИСА
Създаване/Редакция Създаване
Дата на регистрацията/редакция 01.01.2003
Служител, извършил регистрацията/редакцията 30549
Статус, дата на статуса Вася Ганчева
944 ## - СЪЗДАВАНЕ И РЕДАКЦИЯ на ЗАПИСА
Създаване/Редакция Редакция
Дата на регистрацията/редакция 03.07.2007
999 ## - СИСТЕМНИ КОНТРОЛНИ НОМЕРА
Koha biblionumber 101433
Koha biblioitemnumber 101433
999 ## - СИСТЕМНИ КОНТРОЛНИ НОМЕРА
Koha biblioitemnumber 101433
Наличности
Код за отписване Код за изгубен артикул Код за повреда Коз за рестрикции Код за отдаване Артикулен № Име на библиотеката - собственик Име на библиотеката, в която се намира в момента Статус (Текущо местоположение) Дата на вписване в системата Местоположение - отдел Цена в лева Инвентарен номер Систематично азбучна сигнатура Баркод Номер на екземпляра Цена в евро Служебна бележка Служебен тип на артикула
  Не е изгубен Не е повреден без рестрикции заемане за дома 163365 Регионална библиотека "Любен Каравелов" Русе Регионална библиотека "Любен Каравелов" Русе Заемна - подръчен фонд 2003-06-06 Заемна - подръчен фонд 6.00 120000676609 П 882-31/Д 82 120000676609 1 3.07 Дост: Pk Вид: Ф N: 6 Дата: 06.06.2003 Дата инв: 09.02.2018 Бележки инв: П2018 Книги
  Не е изгубен Не е повреден без рестрикции заемане за дома 163366 Регионална библиотека "Любен Каравелов" Русе Регионална библиотека "Любен Каравелов" Русе Заемна - подръчен фонд 2003-12-22 Заемна - подръчен фонд 6.00 120000681276 П 882-31/Д 82 120000681276 2 3.07 Дост: Pk Вид: Ф N: 8856 Дата: 19.12.2003 Дата инв: 09.02.2018 Бележки инв: П2018 Книги
  Не е изгубен Не е повреден без рестрикции ползва се в читалня 163367 Регионална библиотека "Любен Каравелов" Русе Регионална библиотека "Любен Каравелов" Русе Хранилище 2004-11-18 Хранилище 6.00 120000690275 Цб 215038 120000690275 3 3.07 Дост: Dp Вид: Д N: 6 Дата: 28.01.2004 Книги
  Не е изгубен Не е повреден без рестрикции заемане за дома 163368 Регионална библиотека "Любен Каравелов" Русе Регионална библиотека "Любен Каравелов" Русе Заемна - подръчен фонд 2007-06-28 Заемна - подръчен фонд 6.00 120000715088 П 883-31/Д 82 120000715088 4 3.07 Дост: DA Вид: А N: 5 Дата: 28.06.2007 Дата инв: 09.02.2018 Бележки инв: П2018 Книги
Vip Innovations Ltd, Rousse, Bulgaria 2025